00389nam a2200121Ia 4500008004100000100002200041245001200063245004700075260000900122856004400131999001900175952007300194160531s9999 xx 000 0 und d aBernstein, Carol. aMeiosis cby Carol Bernstein, Harris Bernstein (eds) c2013 uhttp://www.intechopen.com/books/meiosis c295158d295158 001040aCLbCLd2016-05-31l0r2016-05-31 00:00:00w2016-05-31yCBE